000 00438nam a22001817a 4500
003 MPLRDC
005 20220104162424.0
008 210129b ||||| |||| 00| 0 eng d
020 _a7-80222-330-1
082 _a563.5 JK
100 _a郡锴
245 _a新股民速读手册
_c
250 _a一版一刷
260 _a中国
_b中国华侨出版社
_c2007
300 _b
650 _a投资与证劵
942 _cBK
_o563.5 JK
999 _c55962
_d55952